00431 2200157 4500001002100000005001500021035002000036245008200056100002300138300001100161260004100172082001000213084001600223020002200239990001200261INLIS00000000000168220250429012041 a0010-04250000981 aKomik Sirah :bNabi Muhammad SAW Lahirnya Sang Pencerah /cGerdi Wiratakusuma0 aGerdi Wiratakusuma a54 hlm aJakarta :bPT. Maleo Creative,c2014 a741.3 a741.3 GER k a978-602-1112-01-4 a0754661